|
|
|
|
| LEADER |
00000nlm0a2200000 4500 |
| 001 |
23102 |
| 005 |
20231030195113.0 |
| 010 |
|
|
|a 3121330136
|
| 035 |
|
|
|a (RuTPU)RU\TPU\book\23317
|
| 035 |
|
|
|a BOOK00023389
|
| 090 |
|
|
|a 23102
|
| 100 |
|
|
|a 20011209i1996 m y0gery50 ba
|
| 101 |
0 |
|
|a ger
|
| 102 |
|
|
|a DE
|
| 105 |
|
|
|a y j 000zy
|
| 135 |
|
|
|a vocna---uucaa
|
| 200 |
1 |
|
|a Diktat Deutsch als Fremdsprache
|b CD-ROM
|e Rechtschreibreform
|
| 205 |
|
|
|a 5th ed.
|
| 210 |
|
|
|a Stuttgart
|c Heureka-Klett
|d 1996
|
| 215 |
|
|
|a 1 CD-ROM
|
| 333 |
|
|
|a Исключено из фонда НТБ ТПУ
|
| 801 |
|
0 |
|a RU
|b 63413507
|c 20011209
|g PSBO
|
| 801 |
|
2 |
|a RU
|b 63413507
|c 20110419
|g PSBO
|
| 942 |
|
|
|c CF
|